000 02848nam0a2200349 4500
001 RU\NLR\BIBL_A\012109807
005 20191023163345.0
010 _a978-5-8180-0564-5
_9299
021 _aRU
_bКН-П-19-065935
_9КН-П-19-4739
035 _a(NLR Aleph) 012109807
035 _a(RuMoRGB)010086640
090 _a11934413
_c11934413
100 _a20191002d2019 k y0rusy50 ca
101 0 _arus
102 _aRU
105 _aa|||z|||010zy
200 1 _aЧетверть века новой России: государственность, гражданское общество и бизнес (к 25-летию Конституции Российской Федерации)
_eсборник научных трудов
_fФедеральное государственное бюджетное образовательное учреждение высшего образования "Российская академия народного хозяйства и государственной службы при Президенте Российской Федерации", Поволжский институт управления им. П. А. Столыпина
_g[редакционная коллегия: ... О. Ю. Абакумов - канд. социол. наук, доцент (отв. ред.)]
210 _aСаратов
_cПоволжский институт управления им. П. А. Столыпина - филиал РАНХиГС
_d2019
215 _a205, [1] с.
_cил., табл.
_d21
606 1 _aПраво
_yРоссийская Федерация
_jСборники
_2nlr_sh1
_2nlr_sh2
_3RU\NLR\AUTH\661244932
607 _aРоссийская Федерация
_xСоциально-экономическое развитие
_jСборники
_2nlr_sh1
_2nlr_sh2
_3RU\NLR\AUTH\661248179
686 1 _aУ03(2Р)74я43
686 1 _aХ62я43
702 1 _aАбакумов
_bО. Ю.
_f1962-
_gОлег Юрьевич
_4340
711 1 2 _a"Четверть века новой России: государственность, гражданское общество и бизнес (к 25-летию Конституции Российской Федерации)", всероссийская научно-практическая конференция магистрантов, аспирантов, докторантов и молодых ученых с международным участием
_f2018
_eСаратов
_3RU\NLR\AUTH\880510003
712 0 2 _aПоволжский институт управления им. П. А. Столыпина
_cСаратов
_3RU\NLR\AUTH\8810205867
_4557
942 _cBOOK
980 _aNBR
980 _aNB